书目信息 |
| 题名: |
山水盆景制作及欣赏
|
|
| 作者: | 马文其 编著 | |
| 分册: | ||
| 出版信息: | 北京 中国林业出版社 2001.06 |
|
| 页数: | 122页, [18页图版] | |
| 开本: | 21×19cm | |
| 丛书名: | ||
| 单 册: | ||
| 中图分类: | S688.1 | |
| 科图分类: | ||
| 主题词: | 盆景--pen jing--制作 | |
| 电子资源: | ||
| ISBN: | 7-5038-2762-9 | |
| 000 | 00755nam0 2200229 450 | |
| 001 | 012008179218 | |
| 005 | 20080313155357.92 | |
| 010 | @a7-5038-2762-9@dCNY32.00 | |
| 100 | @a20080313d2001 km y0chiy0120 ea | |
| 101 | 0 | @achi |
| 102 | @aCN@b110000 | |
| 105 | @aaf z 000yy | |
| 106 | @ar | |
| 200 | 1 | @a山水盆景制作及欣赏@Ashan shui pen jing zhi zuo ji xin shang@f马文其编著@Fma wen qi bian zhu |
| 210 | @a北京@c中国林业出版社@d2001.06 | |
| 215 | @a122页, [18页图版]@c图@d21×19cm | |
| 330 | @a本书详细地介绍了近几年出现的阳台塑石山景、贴壁山景、长城风光盆景等,另配照片150余幅。 | |
| 606 | 0 | @a盆景@Apen jing@x制作 |
| 690 | @aS688.1@v4 | |
| 701 | 0 | @a马文其@Ama wen qi@4编著 |
| 801 | 0 | @aCN@bQSSK@c20080313 |
| 905 | @b20282360-62@dS688.1@eM186@f3 | |
| 山水盆景制作及欣赏/马文其编著.-北京:中国林业出版社,2001.06 |
| 122页, [18页图版]:图;21×19cm |
| ISBN 7-5038-2762-9:CNY32.00 |
| 本书详细地介绍了近几年出现的阳台塑石山景、贴壁山景、长城风光盆景等,另配照片150余幅。 |
| ● |
| 相关链接 |
|
|
|
正题名:山水盆景制作及欣赏
索取号:S688.1/M186
 
预约/预借
| 序号 | 登录号 | 条形码 | 馆藏地/架位号 | 状态 | 备注 |
| 1 | 282360 | 202823604 | 期刊室512/401自科库 68排4列5层/ [索取号:S688.1/M186] | 在馆 | |
| 2 | 282361 | 202823613 | 自科库401/401自科库 68排4列5层/ [索取号:S688.1/M186] | 在馆 | |
| 3 | 282362 | 202823622 | 自科库401/401自科库 68排4列5层/ [索取号:S688.1/M186] | 在馆 |